Matice a determinanty /

Hlavní autor: Laichterová, Jarmila
Korporativní autor: Vysoká škola ekonomická v Praze. Národohospodářská fakulta
Jazyk: Čeština
Vydáno: Praha : Státní pedagogické nakladatelství, 1985
Vydání: 3., přepracované vydání (1. vydání v SPN)
Edice: Metodické listy z matematiky pro posluchače dálkového studia
Učební texty vysokých škol (SPN)
Témata:
Fyzický popis: 45 stran ; 21 cm
Knihy
Uloženo v:
LEADER 01506nam a22003852i 4500
001 000101910
003 CZ BrMZK
005 20170105150445.0
007 ta
008 950101s1985 xr f cze d
015 |a cnb000011263 
035 |a (OCoLC)39411867 
040 |a ABA001  |b cze  |d ABA001  |d OLA001  |d BOA001  |e rda 
080 9 |a 512.643 
080 9 |a 512.643.2(075.8):378.633 
100 1 |a Laichterová, Jarmila  |7 jn20001103469  |4 aut 
245 1 0 |a Matice a determinanty /  |c Jarmila Laichterová 
250 |a 3., přepracované vydání (1. vydání v SPN) 
264 1 |a Praha :  |b Státní pedagogické nakladatelství,  |c 1985 
300 |a 45 stran ;  |c 21 cm 
336 |a text  |b txt  |2 rdacontent 
337 |a bez média  |b n  |2 rdamedia 
338 |a svazek  |b nc  |2 rdacarrier 
490 1 |a Metodické listy z matematiky pro posluchače dálkového studia ;  |v sešit 9 
490 1 |a Učební texty vysokých škol 
500 |a Nad názvem: Vysoká škola ekonomická v Praze, Národohospodářská fakulta 
500 |a 2000 výtisků 
655 7 |a učebnice vysokých škol  |7 fd133772  |2 czenas 
710 2 |a Vysoká škola ekonomická v Praze.  |b Národohospodářská fakulta  |7 kn20010709401  |4 isb 
830 0 |a Metodické listy z matematiky pro posluchače dálkového studia 
830 0 |a Učební texty vysokých škol (SPN)  |0 s 
910 |a BOA001  |b X-0897.921 
990 |a BK 
991 |b 201607 
996 6 |b 2619995281  |c X-0897.921  |l MZK  |r Sklad / do 24 hodin  |n 24  |w 000101910  |u 000010  |a 1  |e BOA001  |j MZK50  |s P